000
00269nam a22001217a 4500
008
181029b xxu||||| |||| 00| 0 eng d
041
_a
eng
080
_2
2nd
_a
530
100
_a
43
101
_a
FIZ
245
_a
Fundamentals of Physics
_c
Halliday.D
942
_2
udc
_c
BK
999
_c
50955
_d
50955